000
00320nam a2200145 4500
008
190329s1988||||xo d
245
1
0
_a
Anatómia Zeme
250
_a
1.vydanie
260
_b
Mladé letá
_a
Bratislava
_c
1988
300
_a
126 s.
020
_c
0
041
1
_a
slo
044
_a
xo
_c
SK
958
_a
APR
999
_c
22285
_d
22285